000 00326cam a2200133ua 4500
003 OSt
008 220829b |||||||| |||| 00| 0 eng d
041 _aeng
082 _a633.83
_bSPI/SP
245 _aSpices in different states /
260 _aIndia :
_bTrade Information Services ,
_c1991.
300 _a52 ; .
942 _cBK
999 _c10816
_d10816